Name all Disney Junior Shows - Statistics

General Stats
  • This quiz has been taken 163 times
  • The average score is 10 of 42
Answer Stats
Hint Answer % Correct
2012 Mickey Mouse Clubhouse
72%
2013 Sofia the First
69%
2012 Doc McStuffins
61%
2012 Jake and the Neverland Pirates
54%
2012 Handy Manny
43%
2012 Special Agent Oso
38%
2019 Bluey
35%
2016 Elena of Avalor
32%
2012 Jungle Junction
32%
2015 Lion Guard
29%
2015 PJ Masks
28%
2017 Puppy Dog Pals
27%
2022 Fancy Nancy
26%
2012 Imagination Movers
25%
2023 Superkitties
25%
2014 Sheriff Callie's Wild West
23%
2017 Vampirina
22%
2024 Ariel
21%
2012 Chuggington
21%
2015 Miles From Tomorrowland
21%
2019 T.O.T.S.
21%
2013 Henry Hugglemonster
20%
2018 Muppet Babies
19%
2022 Firebuds
16%
2015 Goldie and Bear
15%
2023 Pupstruction
15%
2021 Spidey and His Amazing Friends
15%
2024 Hey AJ
13%
2024 Kindergarten: The Musical
13%
2024 Robogobo
13%
2022 Eureka!
12%
2025 Mickey Mouse Clubhouse 2.0
12%
2021 Mickey Mouse Funhouse
12%
2023 Star Wars: Young Jedi Adventures
12%
2022 Alice's Wonderland Bakery
11%
2020 The Rocketeer
11%
2019 Gigantosaurus
8%
2021 Dino Ranch
7%
2017 Mickey Mouse Mixed-Up Adventures
7%
2022 Mira, Royal Detective
7%
2023 Kiya and the Kimoja Heroes
6%
2021 The Chicken Squad
6%
No matching quizzes found
Score Distribution
Percent of People with Each Score
Percentile by Number Answered
Your Score History
You have not taken this quiz